Design methodologies for smoke and heat exhaust ventilation. (Record no. 101191)

MARC details
000 -LEADER
fixed length control field 00865cam a2200337 4500
001 - CONTROL NUMBER
control field
008 - FIXED-LENGTH DATA ELEMENTS--GENERAL INFORMATION
fixed length control field 000000n1999 000 0 eng u
020 ## - INTERNATIONAL STANDARD BOOK NUMBER
International Standard Book Number 1860812899
035 ## - SYSTEM CONTROL NUMBER
System control number (Sirsi) u111063
050 ## - LIBRARY OF CONGRESS CALL NUMBER
Classification number 693.82
100 ## - MAIN ENTRY--PERSONAL NAME
Personal name Morgan, H.P.
110 ## - MAIN ENTRY--CORPORATE NAME
Corporate name or jurisdiction name as entry element Building Research Establishment
245 ## - TITLE STATEMENT
Title Design methodologies for smoke and heat exhaust ventilation.
260 ## - PUBLICATION, DISTRIBUTION, ETC.
Place of publication, distribution, etc. London
Date of publication, distribution, etc. CRC Ltd.
-- 1999
300 ## - PHYSICAL DESCRIPTION
Extent xiv,132p. : ill. ; 30cm.
350 ## - PRICE (NR) (BK AM CF MU VM SE) [OBSOLETE]
Price 75.00
490 ## - SERIES STATEMENT
Series statement BR
Volume/sequential designation 368
650 ## - SUBJECT ADDED ENTRY--TOPICAL TERM
Topical term or geographic name entry element SHEVS
650 ## - SUBJECT ADDED ENTRY--TOPICAL TERM
Topical term or geographic name entry element SMOKE CONTROL
650 ## - SUBJECT ADDED ENTRY--TOPICAL TERM
Topical term or geographic name entry element VENTILATION SYSTEMS
650 ## - SUBJECT ADDED ENTRY--TOPICAL TERM
Topical term or geographic name entry element ATRIA
650 ## - SUBJECT ADDED ENTRY--TOPICAL TERM
Topical term or geographic name entry element FIRE
690 ## - LOCAL SUBJECT ADDED ENTRY--TOPICAL TERM (OCLC, RLIN)
Topical term or geographic name as entry element BUILT ENVIRONMENT
700 ## - ADDED ENTRY--PERSONAL NAME
Personal name Ghosh, B.K.
700 ## - ADDED ENTRY--PERSONAL NAME
Personal name Garrad, G.
700 ## - ADDED ENTRY--PERSONAL NAME
Personal name Pamlitschka, R.
700 ## - ADDED ENTRY--PERSONAL NAME
Personal name De Smedt, J-C
700 ## - ADDED ENTRY--PERSONAL NAME
Personal name Schoonbaert, L.R.
710 ## - ADDED ENTRY--CORPORATE NAME
Corporate name or jurisdiction name as entry element Fire Research Station
9 (RLIN) 4059
942 ## - ADDED ENTRY ELEMENTS (KOHA)
Suppress in OPAC 0
Holdings
Withdrawn status Lost status Source of classification or shelving scheme Damaged status Not for loan Home library Current library Shelving location Date acquired Cost, normal purchase price Total Checkouts Full call number Barcode Date last seen Date last checked out Copy number Cost, replacement price Price effective from Koha item type
    Dewey Decimal Classification     London London Folio 07/03/2001 75.00 1 F693.82 MOR 30063376 06/08/2019 08/10/2002 1 75.00 06/08/2019 Book